Guess the Taylor Swift song by synonyms - Statistics

General Stats
  • This quiz has been taken 40 times
  • The average score is 11 of 15
Answer Stats
Hint Answer % Correct
Washed Clean
100%
Culpable as Wrong? Guilty as Sin?
88%
Final Smooch Last Kiss
88%
The Dark Hound The Black Dog
88%
the lagoons the lakes
85%
Snowy Pony White Horse
85%
The Exterior The Outside
79%
Greetings to the Big Apple Welcome to New York
79%
Empty Period Blank Space
76%
Two Weeks Fortnight
76%
Eternal Frost Forever Winter
70%
Incorrect Divinity False God
67%
Adoration Anecdote Love Story
52%
Under Terrible Down Bad
45%
Voltaic Hold Electric Touch
39%
No matching quizzes found
Score Distribution
Percent of People with Each Score
Percentile by Number Answered
Your Score History
You have not taken this quiz